00553nam a2200169Ia 4500100002700000650001300027942000700040366000700047654001300054245005100067260004200118082001900160300000800179546001200187999001700199952016700216 aYoulu Zheng/ Akhtar S  aNetworks cBK f15 anetworks aNetworks for Computer Scientists and Engineers bOxford university pressaMumbaic2002 a004.6/YOUbYOU a575 aENGLISH c29102d29102 001040708CRCaCRCEbCRCEd2023-03-17eEducational books and periodicalsg318.75i108 dt 01/12/2008l0o004.6/YOU YOUp19133r2023-03-17v375.00w0000-00-00yBK